[Event "IND-ch 59th"]
[Site "New Delhi"]
[Date "2023.01.01"]
[Round "11"]
[White "Anishka, Vikram"]
[Black "Suryansh, Verma"]
[Result "0-1"]
[WhiteElo "1907"]
[BlackElo "1370"]
[PlyCount "68"]
[EventDate "2022.12.22"]
[EventType "swiss"]
[EventRounds "13"]
[EventCountry "IND"]
[SourceTitle "CBM 211 Extra"]
[Source "ChessBase"]
[SourceDate "2023.01.31"]
[SourceVersion "1"]
[SourceVersionDate "2023.01.31"]
[SourceQuality "1"]

1. d4 Nf6 2. c4 e6 3. Nc3 Bb4 4. e3 c5 5. Bd2 0-0 6. a3 Bxc3 7. Bxc3 Ne4 8. Rc1 d6 9. Bd3 Nxc3 10. Rxc3 e5 11. dxe5 dxe5 12. Nf3 Qe7 13. Be4 Nd7 14. 0-0 Nf6 15. Qb1 Bg4 16. h3 Bxf3 17. Bxf3 e4 18. Be2 Rad8 19. Rc2 Rd7 20. b4 Rfd8 21. Qb2 b6 22. Rb1 Rc7 23. Ra1 Rc6 24. b5 Rcd6 25. a4 Nd7 26. a5 Ne5 27. axb6 axb6 28. Ra6 Qg5 29. Kh2 Nf3+ 30. Bxf3 exf3 31. g3 Rh6 32. Rd2 Rxh3+ 33. Kg1 Rf8 34. Rd5 Qh6 0-1